Mathematica Slovaca
Enregistré dans:
| Format: | Publication en série |
|---|---|
| Langue: | anglais |
| Publié: |
Bratislava
Slovak Academy of Sciences
|
| Tags: |
Pas de tags, Soyez le premier à ajouter un tag!
|
MARC
| LEADER | 00000nas1a2200000 4500 | ||
|---|---|---|---|
| 001 | 0257974 | ||
| 005 | 20250627105025.6 | ||
| 022 | |a 1337-2211 | ||
| 022 | |a 0139-9918 | ||
| 041 | 0 | |a eng | |
| 044 | |a SK | ||
| 245 | 1 | 0 | |a Mathematica Slovaca |
| 264 | 1 | |a Bratislava |b Slovak Academy of Sciences | |